000 00626nam a2200241Ia 4500
003 OSt
005 20221007081922.0
006 a|||||r|||| 00| 0
007 ta
008 221006b |||||||| |||| 00| 0 eng d
024 _a26,446
037 _cTextual
040 _aFLL
_cFLL
_beng
041 _2eng
_aeng
082 _aZ73:4y7, G9
100 _aGreen Leon
_9698255
245 0 _aJudicial process in tort cases
250 _a2nd
260 _aSt. Paul ,
_bWest Publishing Co. St.
_c1939
300 _axxi,1-1356p
_ccm.
942 _hZ73:4y7, G9
_cTEXL
_2CC
999 _c1164713
_d1164713